Essential Statistics in Business & Economics (Record no. 4968)
[ view plain ]
| 005 - DATE AND TIME OF LATEST TRANSACTION | |
|---|---|
| control field | 20250625091139.0 |
| 020 ## - INTERNATIONAL STANDARD BOOK NUMBER | |
| International Standard Book Number | 978-0-07-334693-9 |
| 082 ## - DEWEY DECIMAL CLASSIFICATION NUMBER | |
| Classification number | 519.5 DOA |
| 100 ## - MAIN ENTRY--PERSONAL NAME | |
| Author name | DOANE, D. P. |
| 245 ## - TITLE STATEMENT | |
| Title | Essential Statistics in Business & Economics |
| 260 ## - PUBLICATION, DISTRIBUTION, ETC. | |
| Place of publication, distribution, etc. | New York, |
| Name of publisher, distributor, etc. | McGraw Hill, |
| Date of publication, distribution, etc. | 2008. |
| 300 ## - PHYSICAL DESCRIPTION | |
| Extent | xvi,590p.; ill.; figure, table, picture |
| Other physical details | Index |
| Dimensions | 27cm. |
| 700 ## - ADDED ENTRY--PERSONAL NAME | |
| Other authors/Editors | SEWARD, L. E. |
| 942 ## - ADDED ENTRY ELEMENTS (KOHA) | |
| Source of classification or shelving scheme | Dewey Decimal Classification |
| Koha item type | Books |
| Date last seen | Total checkouts | Full call number | Barcode | Cost, replacement price | Price effective from | Koha item type | Lost status | Source of classification or shelving scheme | Damaged status | Not for loan | Withdrawn status | Home library | Current library | Shelving location | Date acquired | Cost, normal purchase price |
|---|---|---|---|---|---|---|---|---|---|---|---|---|---|---|---|---|
| 06/25/2025 | 519.5 DOA | DOM0001006 | 288000.00 | 06/25/2025 | Books | Dewey Decimal Classification | CBE Dodoma | CBE Dodoma | General Collection | 04/26/2010 | 96000.00 | |||||
| 06/25/2025 | 519.5 DOA | DOM0001007 | 288000.00 | 06/25/2025 | Books | Dewey Decimal Classification | CBE Dodoma | CBE Dodoma | General Collection | 04/26/2010 | 96000.00 | |||||
| 06/25/2025 | 519.5 DOA | DOM0001002 | 288000.00 | 06/25/2025 | Books | Dewey Decimal Classification | CBE Dodoma | CBE Dodoma | General Collection | 04/26/2010 | 96000.00 | |||||
| 06/25/2025 | 519.5 DOA | DOM0001008 | 288000.00 | 06/25/2025 | Books | Dewey Decimal Classification | CBE Dodoma | CBE Dodoma | General Collection | 04/26/2010 | 96000.00 |
